000 00314nam a2200121Ia 4500
008 220216s9999 xx 000 0 und d
100 _aMannothra J M
245 0 _aRubber wood production and utilization in India
260 _bWood News
_c1993
300 _a21-28
650 _aRubber wood production
942 _cJS
999 _c68146
_d68146